Score 0/22 Timer 02:00
2 Plays Today
Hint Word % Correct
____ or No DealDEAL
99.5%
Press numbers on a phoneDIAL
98.6%
••• 'Charlie's Angels' actress Cameron •••DIAZ
97.2%
••• 'Edward Scissorhands' actor Johnny •••DEPP
96.4%
••• 'Fight Club' actor Brad •••PITT
95.9%
••• 'Rebel Without A Cause' actor James •••DEAN
92.8%
Way below the groundDEEP
92.5%
Gently hit a golf ballPUTT
92.1%
⅛ of a gallonPINT
91.7%
Forty days leading up to EasterLENT
91.2%
Unable to speakMUTE
90.9%
Hint Word % Correct
Section of a large store (abbr.)DEPT.
90.7%
••• 'The Dark Knight Rises' actor Christian •••BALE
89.1%
Cook in an ovenBAKE
88.8%
Buddy, in AustraliaMATE
88.5%
Pet dog, in generalMUTT
87%
Impression on a surfaceDENT
86.8%
••• 'National Treasure' actor Nicolas •••CAGE
86.8%
Female cooker with a southern accentDEEN
85.4%
Little pieces of cloth or yarnLINT
84.8%
Capital of MaldivesMALÉ
78.1%
'Short Skirt, Long Jacket' bandCAKE
77.5%

Today's Daily Dose

Missing Word
'Song' Songs (A-Z)

Word Ladder
Nervous System

Get the Picture
NFL Bird Teams

Remove Ads.
Support Sporcle.
Get the best of Sporcle when you Go Orange. This ad-free experience offers more features, more stats, and more fun while also helping to support Sporcle. Thank you for becoming a member.

You're not logged in!

Compare scores with friends on all Sporcle quizzes.
OR
Log In

Sporcle TV

Today on Sporcle TV


Watch our educational content, quiz creation guides, and fun videos on Sporcle TV.

Show Comments

Extras

Top Quizzes Today


Score Distribution

Paid Content

Your Account Isn't Verified!

In order to create a playlist on Sporcle, you need to verify the email address you used during registration. Go to your Sporcle Settings to finish the process.

Report this User

Report this user for behavior that violates our Community Guidelines.

Details: